Pays mentionnés dans la page Wikipédia de la France - Statistiques

Statistiques générales
  • Ce quiz a été pris 52 783 fois
  • Le résultat moyen est 28 sur 45
Statistiques - réponses
Mentions Contextes Pays % Correct
15 Frontalier, classements Allemagne
99%
7 Frontalier, classements Espagne
98%
4 Frontalier, classements Belgique
97%
13 Diplomatie, classements Etats-Unis
97%
5 Frontalier, classements Italie
97%
3 Frontalier, classements Suisse
96%
6 Colonie Algérie
95%
10 Histoire, classements Royaume-Uni
95%
7 Classements Russie
92%
3 Frontalier, classements Luxembourg
90%
3 Classements Chine
89%
1 Colonie Maroc
89%
2 Frontalier Brésil
88%
1 Immigration Canada
86%
2 Frontalier Andorre
84%
1 Entreprises Japon
82%
2 Frontalier Monaco
81%
3 Frontalier, classements Pays-Bas
78%
1 Colonie Tunisie
76%
1 Colonie Inde
68%
2 Francophonie République Démocratique du Congo
67%
1 Domaine skiable Autriche
65%
1 Militaire Sénégal
64%
2 Militaire Mali
63%
1 Fécondité Irlande
62%
2 Superficie Ukraine
56%
1 Système sanitaire Norvège
52%
2 Frontalier Suriname
51%
1 Système sanitaire Danemark
48%
1 Diplomatie Israël
48%
2 Militaire Irak
47%
1 Colonie Madagascar
46%
1 Militaire Côte-d'Ivoire
44%
1 Militaire Liban
38%
1 Fécondité Islande
35%
1 Immigration Arabie saoudite
34%
1 Militaire Tchad
34%
1 Tourisme Thaïlande
32%
1 Outre-mer Comores
24%
1 Militaire Gabon
24%
1 Militaire Emirats Arabes Unis
23%
1 Militaire Djibouti
20%
1 Militaire République Centrafricaine
19%
1 Histoire Panama
10%
1 Outre-mer Vanuatu
7%
Aucun quiz correspondant
Distribution des résultats
% des personnes avec chaque résultat
Percentile par nombre de réponses
Votre historique - résultats
Vous n’avez pas pris ce quiz